000 00373nam a22001217a 4500
008 230620b xxu||||| |||| 00| 0 eng d
082 _a309.167
_bUNE
110 _bThe international African Institute
_cLondon
245 _aSocial Implications of industrialization and urbanization in Africa South of the Sahara
260 _bUNESCO
_c1956
300 _a743p
942 _2ddc
_cBK
999 _c1496
_d1496